000 00507nam a2200193Ia 4500
003 GCL
008 140319s9999 xx 000 0 eng d
040 _aGCL /
_cGCL
082 0 4 _a330.944
_bIE
100 1 _aINSEE
245 1 0 _aL'ECONOMIE FRANCAISE EDITION 1995 : REPPORT LES COMPTES DE LA NATION DE 1994 /
_cINSEE
260 _a[S.N] :
_bLE LIVRE DE POCHE ،
_c1995
300 _a282
650 0 4 _aECONOMICS
650 0 4 _aFRANCE
650 0 4 _aENTERPRISES
650 0 4 _aPRODUCTION
942 _2ddc
_cBK
999 _c25330
_d25330